Aké normy upravujú spoločenskú zodpovednosť podnikov?
Normatívne úpravy týkajúce sa problematiky spoločenskej zodpovednosti podnikov: medzinárodná norma SA8000, AA 1000 AccountAbility, ISO 14001 - systém environmentálneho manažmentu, EMAS, OHSAS 18001, ISO 2600.
Enregistré dans:
| Auteur principal: | |
|---|---|
| Format: | Chapitre de livre |
| Langue: | slovaque |
| Sujets: | |
| Tags: |
Pas de tags, Soyez le premier à ajouter un tag!
|
MARC
| LEADER | 00000nla a2200000 4500 | ||
|---|---|---|---|
| 001 | 0173408 | ||
| 005 | 20240502072944.4 | ||
| 041 | 0 | |a slo | |
| 044 | |a SK | ||
| 245 | 1 | 0 | |a Aké normy upravujú spoločenskú zodpovednosť podnikov? |c Eliška Záležáková |
| 520 | |a Normatívne úpravy týkajúce sa problematiky spoločenskej zodpovednosti podnikov: medzinárodná norma SA8000, AA 1000 AccountAbility, ISO 14001 - systém environmentálneho manažmentu, EMAS, OHSAS 18001, ISO 2600. | ||
| 610 | 2 | 0 | |a normy ISO |
| 610 | 2 | 0 | |a normy medzinárodné |
| 610 | 2 | 0 | |a zodpovednosť spoločenská |
| 610 | 2 | 0 | |a zodpovednosť podniku spoločenská |
| 100 | 1 | |a Záležáková, Eliška | |